=LDR 00000nam 2200000 4500 =001 INLIS000000000001491 =005 20130612085906 =008 ***********************************Ind** =035 ##$$0010-061300000001491 =041 ##$$a Ind =082 ##$$a 2x4.124 =090 ##$$a 2x4.124, Sah-p =100 ##$$a SAHLY, Mahfudhi, Al-Ustadz =245 ##$$a Pedoman Khutbah Jum'at dari masa ke masa, Al-Ustadz Mahfudhi Sahly =260 ##$$a 1999 $b Solo =300 ##$$a 246 hlm, 21 cm =650 ##$$a Khotbah Jum'at =850 ##$$a NBPNMAT